000 00607nam a2200169Ia 4500
005 20250508160004.0
008 008 250505s9999 xx 000 0 eng d
037 _aBooks to be hide in OPAC
040 _aFEDL
_beng
_cFEDL
041 _aeng
_2eng
084 _a373.42, GRE/O
_qFEDL
245 0 _aReports of the assistant commissioners of the counties of bedford, devon, lancaster (The hundreds of Salford and West Derby), Norfolk. Vol 6
260 _aLondon, UK
_bHer Majesty's Stationery Office
_c1895
300 _aviii,427p.
942 _cHB
_h373.42, GRE/O
999 _c1360753
_d1360753